000 00605nmm a2200181Ia 4500
008 251105s9999||||xx |||||||||||||||||und||
020 _a9780231137904
041 _aeng
100 _aMontanari, Massimo
245 0 _aFood Is Culture
264 _a[Washington, Estados Unidos] :
_bColumbia University Press,
_c[Fecha de publicación no identificada]
300 _a0 pƔginas
490 _aArts and Traditions of the Table: Perspectives on Culinary History
700 _aMontanari, Massimo
700 1 _a Sonnenfeld, Albert
856 _uhttps://public.digitaliapublishing.com/a/75398
942 _cCF
999 _c68968
_d68968